00634cam a22002291a 45000010008000000030004000080050017000120080041000290100017000700350018000870400027001050420012001320430012001440820015001561000022001712450051001932600053002443000025002975000020003226500036003426500026003788439247OSt20230704155731.0720804s1962 nju 001 0 eng  a 62017427  a(OCoLC)374455 aDLCcOClUdMoSU-LdDLC apremarc an-us--- a364.1bOTT1 aOttenberg, Miriam14aThe Federal investigators /cMiriam Ottenberg. aEnglewood Cliffs, N.J. :bPrentice-Hall,cc1962. axx, 348 p. ;c24 cm. aIncludes index. 0aLaw enforcementzUnited States. 0aCrimezUnited States.